Turbo pascal BGI : Lập trình và ứng dụng trong đồ họa

Uloženo v:
Podrobná bibliografie
Médium: Kniha
Jazyk:Undetermined
Vydáno: Tp.Hồ Chí Minh Trẻ 1995
Témata:
Tagy: Přidat tag
Žádné tagy, Buďte první, kdo otaguje tento záznam!
Thư viện lưu trữ: Trung tâm Học liệu Trường Đại học Cần Thơ
LEADER 00583nam a2200181Ia 4500
001 CTU_148976
008 210402s9999 xx 000 0 und d
082 |a 005.133 
082 |b T931 
245 0 |a Turbo pascal BGI : 
245 0 |b Lập trình và ứng dụng trong đồ họa 
245 0 |c Hoàng Văn Đặng soạn dịch 
260 |a Tp.Hồ Chí Minh 
260 |b Trẻ 
260 |c 1995 
650 |a Pascal (chương trình máy tính),Pascal ( computer programs ) 
904 |i Tuyến 
980 |a Trung tâm Học liệu Trường Đại học Cần Thơ